Statistics for First Capital City Alphabetical Per Starting Letter

Click here to take the quiz!

General Stats

  • This quiz has been taken 32 times
  • The average score is 9 of 23

Answer Stats

Initial LetterAnswer% Correct
JJAKARTA
69%
QQUITO
69%
WWARSAW
62%
OOSLO
62%
IISLAMABAD
55%
AABU DHABI
52%
CCAIRO
48%
BBAGHDAD
45%
MMADRID
41%
HHANOI
41%
KKABUL
38%
GGABORONE
38%
FFREETOWN
38%
UULAANBAATAR
38%
VVADUZ
38%
YYAMOUSSOUKRO
38%
DDAKAR
34%
RRABAT
28%
TTAIPEI
28%
LLA PAZ
21%
PPALIKIR
21%
SST GEORGES
14%
NN DJAMENA
7%

Score Distribution

Percentile by Number Answered

Percent of People with Each Score

Your Score History

You have not taken this quiz